Statystyki dla 15 najbardziej dotkniętych krajów Covid-19 - 14 lipiec 2021

Kliknij tutaj aby rozwiązać quiz!

Ogólne statystyki

  • Ten quiz został rozwiązany 23 razy
  • Średni wynik to 14 z 28

Statystyki odpowiedzi

kraj% Poprawnych
Polska
100%
Niemcy
95%
Rosja
95%
Stany Zjednoczone
95%
Hiszpania
90%
Indie
90%
Włochy
76%
Francja
71%
Portugalia
71%
Szwecja
67%
Wielka Brytania
67%
Brazylia
62%
Czechy
57%
Holandia
57%
Belgia
48%
Turcja
48%
Argentyna
43%
Iran
38%
Estonia
29%
Litwa
29%
Słowenia
29%
Kolumbia
24%
Indonezja
14%
Izrael
14%
Gruzja
10%
Urugwaj
10%
Panama
5%
Bahrajn
0%

Rozkład punktacji

Percentyl według liczby udzielonych odpowiedzi

Procent ludzi z każdym wynikiem

Twoja historia wyników

Nie rozwiązałeś tego quizu